La psicología de la tecnología en la era de la Inteligencia Artificial (Record no. 214584)

MARC details
000 -CABECERA
campo de control de longitud fija 02246nab a2200253 ab4500
005 - FECHA Y HORA DE LA ÚLTIMA TRANSACCIÓN
campo de control 20260205131702.0
008 - ELEMENTOS DE LONGITUD FIJA--INFORMACIÓN GENERAL
campo de control de longitud fija 251016c2025 cl tr p#o# #00| spa d
003 - IDENTIFICADOR DEL NÚMERO DE CONTROL
campo de control
040 ## - FUENTE DE LA CATALOGACIÓN
Centro catalogador/agencia de origen MX-MxUPN
Lengua de catalogación spa
Centro/agencia transcriptor MX-MxUPN
Normas de descripción aacr2
100 1# - ASIENTO PRINCIPAL--NOMBRE PERSONAL
Nombre de persona Maureira Velásquez, Marco
9 (RLIN) 58676
100 1# - ASIENTO PRINCIPAL--NOMBRE PERSONAL
Nombre de persona González García, Diego
9 (RLIN) 58677
245 13 - MENCIÓN DE TÍTULO
Título La psicología de la tecnología en la era de la Inteligencia Artificial
Medio [recurso electrónico en línea]
506 0# - NOTA DE RESTRICCIONES AL ACCESO
Limitaciones de acceso Acceso abierto
520 3# - NOTA DE RESUMEN, ETC.
Sumario, etc. El avance de la Inteligencia Artificial (IA) en nuestras sociedades parece rotundo e imparable. En este contexto, las humanidades y las ciencias sociales deben problematizar los cimientos teóricos y metodológicos de sus propias disciplinas. En el caso de la psicología, la American Psychological Association (APA) ha desarrollado una serie de iniciativas de las que ha emergido una nueva subdisciplina: la Psicología de la tecnología. En este trabajo exploramos cómo la APA entiende y promueve un modo concreto de conceptualizar las relaciones establecidas entre Psicología y Tecnología, aplicando un análisis de contenido temático a 36 documentos de dominio público generados por ella misma. Los principales resultados son: se afirma que el entrelazamiento coevolutivo entre psiquismo y tecnologías es principalmente contemporáneo, sin atender a sus condiciones históricas de emergencia; se conceptualiza el psiquismo desde un enfoque protagónicamente neurocientífico y cognitivo-conductual; y, en línea con lo anterior, se defiende que la vía regia de acceso metodológico a este nuevo campo de estudio está dado por un ensamblaje cuantitativo entre Big Data e Inteligencia Artificial que produce una naturalización de los datos digitales.
Fuente proveedora Psicoperspectivas.
650 #2 - ASIENTO SECUNDARIO DE MATERIA - TERMINO TEMATICO
Término de materia o nombre geográfico como elemento de entrada Inteligencia artificial
9 (RLIN) 5343
650 #4 - ASIENTO SECUNDARIO DE MATERIA - TERMINO TEMATICO
Término de materia o nombre geográfico como elemento de entrada Psicología
9 (RLIN) 38
653 #2 - TERMINO DE INDIZACION - NO CONTROLADO
Término no controlado APA
650 #4 - ASIENTO SECUNDARIO DE MATERIA - TERMINO TEMATICO
Término de materia o nombre geográfico como elemento de entrada Tecnología educativa
9 (RLIN) 4978
773 ## - ENLACE AL DOCUMENTO FUENTE/ENTRADA DE REGISTRO ANFITRIÓN
Parte(s) relacionada(s) Vol. 24, no. 2, (2025), p. 1-15
Título Psicoperspectivas : individuo y sociedad
Número Internacional Normalizado para Publicaciones Seriadas 0718-6924
856 4# - LOCALIZACIÓN Y ACCESO ELECTRÓNICOS
Identificador Uniforme del Recurso <a href="https://www.psicoperspectivas.cl/index.php/psicoperspectivas/article/view/3452">https://www.psicoperspectivas.cl/index.php/psicoperspectivas/article/view/3452</a>
856 4# - LOCALIZACIÓN Y ACCESO ELECTRÓNICOS
Identificador Uniforme del Recurso <a href="https://www.psicoperspectivas.cl/index.php/psicoperspectivas/article/view/3452/2038">https://www.psicoperspectivas.cl/index.php/psicoperspectivas/article/view/3452/2038</a>
902 ## - ELEMENTOS DE DATOS B LOCAL, LDB (RLIN)
Creó Leonor Sotres/050226
942 ## - ELEMENTOS DE PUNTO DE ACCESO ADICIONAL (KOHA)
Tipo de ítem Koha Artículo Electrónico
Holdings
Estado de retiro Estado de pérdida Estado dañado No para préstamo Código de colección Localización permanente Ubicación/localización actual Ubicación en estantería Fecha de adquisición Total de préstamos Fecha visto por última vez Identificador Uniforme del Recurso Precio válido a partir de Tipo de ítem Koha
        Acceso abierto Bib. Gregorio Torres Quintero Bib. Gregorio Torres Quintero En línea 05/02/2026   05/02/2026 https://www.psicoperspectivas.cl/index.php/psicoperspectivas/article/view/3452/2038 05/02/2026 Artículo Electrónico